|
|
|
|
| LEADER |
00000nab a2200000 a 4500 |
| 001 |
vtls000229450 |
| 003 |
SK-MaSNL |
| 005 |
20260302212333.0 |
| 008 |
111130c1985 xo 0 slo |
| 015 |
|
|
|a SNBRB19rr/mm-uuuuu
|
| 035 |
|
|
|a CL0239564
|
| 040 |
|
|
|a SNKBUCL
|b slo
|c SNKBUCL
|e AACR2
|
| 041 |
0 |
|
|a slo
|
| 044 |
|
|
|a xo
|c SK
|
| 080 |
|
|
|a 793.31.091.4
|2 1981
|
| 080 |
|
|
|a 784.4.091.4
|2 1981
|
| 100 |
1 |
|
|a -zč-
|4 aut
|9 936881
|
| 245 |
1 |
0 |
|a Dvadsiate Folklórne slávnosti pod Poľanou
|c -zč-
|
| 300 |
|
|
|b Obr. 2.
|
| 611 |
2 |
7 |
|a Folklórne slávnosti pod Poľanou
|n (20. :
|d 1985 :
|c Detva, Slovensko)
|2 snkbucl
|9 929476
|
| 655 |
|
7 |
|a články z novín a časopisov
|2 snkbucl
|9 267496
|
| 773 |
0 |
|
|t Osvetová práca
|g Roč. 35, č. 20 (1985), s. 33-34
|
| 850 |
|
|
|a Slovenská národná knižnica v Martine
|a MTA001
|
| 852 |
|
|
|a SNK
|b KIS3GCP
|
| 958 |
|
|
|a RK
|
| 992 |
|
|
|a RBX
|
| 999 |
|
|
|c 1488784
|d 1490714
|